| 000 | 00379 a2200121 4500 | ||
|---|---|---|---|
| 001 | ART_61943 | ||
| 005 | 20260410161959.0 | ||
| 008 | 260409a | ||
| 245 | 1 | 0 | _aTasas municipales: alcances, límites y legalidad |
| 100 | 1 | _aCamerini, Marcelo A. | |
| 700 | 1 | _aVega, Gerardo E. | |
| 773 | 0 |
_tTemas de derecho comercial _g- Año 10, N° 12 (dic. 2024) _wREV28151 |
|
| 999 |
_c31119 _d31119 |
||